[Event "XXX Memorial Edoardo Crespi A"]
[Site "Milano ITA"]
[Date "2009.12.07"]
[Round "4"]
[White "Agrifoglio, Fabio"]
[Black "Radice, Luca"]
[Result "1/2-1/2"]
[WhiteElo "2017"]
[BlackElo "2088"]
[PlyCount "203"]
[EventDate "2009.12.05"]

1. d3 d5 2. c3 Nf6 3. Nf3 c6 4. g3 Bf5 5. Bg2 e6 6. O-O Be7 7. Nbd2 h6 8. b4
O-O 9. Bb2 Nbd7 10. a3 Qb6 11. Rb1 Rfd8 12. c4 a6 13. Qc1 Rac8 14. Bd4 Qc7 15.
Qb2 b5 16. Rbc1 Qb8 17. Nb3 Bg4 18. Rfe1 bxc4 19. dxc4 Bxf3 20. exf3 c5 21.
bxc5 Nxc5 22. Nxc5 Qxb2 23. Bxb2 Rxc5 24. Bf1 Ra5 25. cxd5 Nxd5 26. Rc6 Bxa3
27. Bxa3 Rxa3 28. Rxa6 Rxf3 29. Bg2 Rd3 30. Ra7 Nf6 31. Ra8 Rxa8 32. Bxa8 Rd2
33. Bf3 Kf8 34. Ra1 Rd7 35. h4 Rc7 36. Rd1 Ke7 37. Re1 Rc3 38. Kg2 Nd7 39. Ra1
Ne5 40. Be2 Rc2 41. Kf1 Rb2 42. Ra7+ Kf6 43. Rc7 Rb1+ 44. Kg2 Rb2 45. Kf1 Rd2
46. h5 Rd7 47. Rc3 Ra7 48. Rc1 Ke7 49. Rc8 Nd7 50. Rg8 Kf6 51. Rc8 Rb7 52. Rc4
Ke7 53. Ra4 Rc7 54. Ra5 Rc5 55. Ra7 Rd5 56. Bf3 Rd6 57. Be2 Kf6 58. Bb5 Ke7 59.
Kg2 Rd5 60. Ba4 Kd8 61. Ra8+ Ke7 62. Ra7 Rd4 63. Bc6 e5 64. Bb5 Ke6 65. Ba4 Nc5
66. Be8 Nd7 67. Rb7 Ke7 68. Bxd7 Rxd7 69. Rb6 Rd6 70. Rb7+ Kf6 71. Ra7 Re6 72.
g4 Re7 73. Ra5 Rb7 74. Kg3 Rb3+ 75. Kg2 Rd3 76. f3 Ke6 77. Ra6+ Rd6 78. Ra7 Kf6
79. Ra5 Ke6 80. Ra7 Rc6 81. Rb7 Kf6 82. Rb5 Re6 83. Kg3 g6 84. hxg6 fxg6 85.
Rb4 Rd6 86. Rb5 Re6 87. Rb4 Ke7 88. Rb7+ Kd6 89. Ra7 Kc5 90. Ra4 g5 91. Ra5+
Kb4 92. Rd5 Kc4 93. Rd8 Kc5 94. Ra8 Rd6 95. Ra5+ Kd4 96. Ra4+ Kd5 97. Kf2 Ke6
98. Ke3 Rb6 99. Ke4 Kf6 100. Rc4 Re6 101. Rc5 Ra6 102. Rc4 1/2-1/2

[Event "XXX Memorial Edoardo Crespi A"]
[Site "Milano ITA"]
[Date "2009.12.07"]
[Round "4"]
[White "Almonti, Alessandro"]
[Black "Crippa, Gabriele"]
[Result "0-1"]
[WhiteElo "2066"]
[BlackElo "2092"]
[PlyCount "74"]
[EventDate "2009.12.05"]

1. c4 Nf6 2. Nc3 d6 3. e4 e5 4. d4 exd4 5. Qxd4 Nc6 6. Qd2 g6 7. b3 Bg7 8. Bb2
a5 9. Bd3 O-O 10. Nge2 Nd7 11. O-O Nc5 12. Nd5 Bxb2 13. Qxb2 Nxd3 14. Nf6+ Kh8
15. Qc3 Nde5 16. Nd5 f6 17. f4 Nd7 18. g4 Nb4 19. Ne3 Qe7 20. a3 Qxe4 21. axb4
axb4 22. Qd2 Rxa1 23. Rxa1 Nc5 24. Qd4 Kg7 25. Qxe4 Nxe4 26. h3 c5 27. Rd1 Bd7
28. f5 Ra8 29. Nf4 Ra2 30. h4 Rb2 31. Rd3 Rd2 32. fxg6 Rxd3 33. Nxd3 hxg6 34.
Kg2 Nd2 35. Nc1 b5 36. Kg3 bxc4 37. bxc4 Be6 0-1

[Event "XXX Memorial Edoardo Crespi A"]
[Site "Milano ITA"]
[Date "2009.12.18"]
[Round "4"]
[White "Astengo, Marcello"]
[Black "Nicolo', Filippo"]
[Result "0-1"]
[WhiteElo "2147"]
[BlackElo "2062"]
[PlyCount "68"]
[EventDate "2009.12.05"]

1. d4 f5 2. e4 fxe4 3. Nc3 Nf6 4. Bg5 b6 5. Nh3 Bb7 6. Nf4 e6 7. Nh5 Qe7 8. Be2
d5 9. Nxf6+ gxf6 10. Bh5+ Kd7 11. Bh4 Bh6 12. O-O Rg8 13. Kh1 Qg7 14. Rg1 Nc6
15. Ne2 Bg5 16. Bxg5 Qxg5 17. Ng3 f5 18. c4 f4 19. cxd5 exd5 20. Nf1 Ba6 21.
Nd2 f3 22. g4 Raf8 23. Nxe4 dxe4 24. d5 Nb8 25. Qa4+ Kc8 26. Qxe4 Bb7 27. Rad1
Nd7 28. Qxh7 Nf6 29. Qe7 Nxd5 30. Qe6+ Kb8 31. Rge1 Nf4 32. Qe7 Nxh5 33. Qxg5
Rxg5 34. gxh5 Rxh5 0-1

[Event "XXX Memorial Edoardo Crespi A"]
[Site "Milano ITA"]
[Date "2009.12.07"]
[Round "4"]
[White "Battistella, Stefano"]
[Black "Ocantos, Manuel"]
[Result "1/2-1/2"]
[WhiteElo "2114"]
[BlackElo "2161"]
[PlyCount "110"]
[EventDate "2009.12.05"]

1. c4 c5 2. g3 Nf6 3. Bg2 g6 4. Nc3 Bg7 5. e4 d6 6. Nge2 Nc6 7. O-O O-O 8. d3
a6 9. h3 Rb8 10. f4 Ne8 11. Rb1 b5 12. b3 Nc7 13. f5 e6 14. Kh2 b4 15. Na4 Ne5
16. d4 cxd4 17. Nxd4 Bb7 18. fxg6 fxg6 19. Rxf8+ Qxf8 20. Be3 Nd7 21. Qe2 Qe7
22. Rf1 e5 23. Nc2 Bc6 24. Nb2 a5 25. Bd2 Ne6 26. Ne3 Nd4 27. Qe1 Rf8 28. Nd5
Qd8 29. Nd1 Nc5 30. Rxf8+ Qxf8 31. Qf2 Qxf2 32. Nxf2 Bxd5 33. cxd5 Ncxb3 34.
axb3 Nxb3 35. Bxb4 axb4 36. Nd3 Nc5 37. Nxb4 Bh6 38. Kg1 Bd2 39. Nc2 Kf7 40.
Na3 Be1 41. Nc4 Ke7 42. Kh2 Bf2 43. h4 Nd7 44. Bf3 Nf6 45. Kh3 h5 46. Kg2 Be1
47. Kh3 Bb4 48. Kg2 Kd7 49. Kf1 Kc7 50. Ke2 Kb7 51. Bg2 Ka6 52. Kf3 Kb5 53. Bf1
Kc5 54. Ne3 Bd2 55. Nc2 Bh6 1/2-1/2

[Event "XXX Memorial Edoardo Crespi A"]
[Site "Milano ITA"]
[Date "2009.12.07"]
[Round "4"]
[White "Bertazzo, Giorgio"]
[Black "Ricci, Marco"]
[Result "1/2-1/2"]
[WhiteElo "2087"]
[BlackElo "2081"]
[PlyCount "86"]
[EventDate "2009.12.05"]

1. e4 e6 2. d3 d5 3. Nd2 Nf6 4. Ngf3 Nc6 5. c3 e5 6. Be2 dxe4 7. dxe4 a5 8. b3
Bc5 9. O-O O-O 10. a3 Qe7 11. Rb1 Bxa3 12. Bxa3 Qxa3 13. Bb5 Qc5 14. Bxc6 bxc6
15. Qc2 Ba6 16. Rfd1 Rfd8 17. Nf1 Rd6 18. Ne3 g6 19. h3 Rad8 20. c4 Bc8 21. Ra1
h6 22. Qc3 Rxd1+ 23. Rxd1 Rxd1+ 24. Nxd1 Nxe4 25. Qxe5 Qxe5 26. Nxe5 Bb7 27.
Nd3 Kg7 28. f3 Nd6 29. Kf2 Kf6 30. g4 Bc8 31. Ke3 Nb7 32. Nc3 Ke6 33. Ne4 f5
34. Nec5+ Nxc5 35. Nxc5+ Kf6 36. Kd4 fxg4 37. fxg4 h5 38. gxh5 gxh5 39. h4 Ke7
40. Ke5 Kf7 41. Ne4 Kg6 42. Nc3 Bg4 43. Na4 Bc8 1/2-1/2

[Event "XXX Memorial Edoardo Crespi A"]
[Site "Milano ITA"]
[Date "2009.12.07"]
[Round "4"]
[White "Bonade', Massimo"]
[Black "Cazzaniga, Walter"]
[Result "0-1"]
[WhiteElo "2103"]
[BlackElo "2139"]
[PlyCount "46"]
[EventDate "2009.12.05"]

1. d4 d5 2. c4 c6 3. Nf3 e6 4. e3 Nf6 5. b3 Nbd7 6. Bd3 Bd6 7. Bb2 Qe7 8. Ne5
Nxe5 9. dxe5 Bb4+ 10. Nd2 Nd7 11. O-O f5 12. Nf3 O-O 13. Qc2 Nc5 14. Be2 Ne4
15. Nd4 c5 16. Nf3 Bd7 17. Rfd1 Bc6 18. Rac1 Rad8 19. Ne1 Bxe1 20. Rxe1 dxc4
21. bxc4 Rd2 22. Qb3 Qh4 23. g3 Nxg3 0-1

[Event "XXX Memorial Edoardo Crespi A"]
[Site "Milano ITA"]
[Date "2009.12.07"]
[Round "4"]
[White "Bonanno, Alessandro"]
[Black "Brunello, Roberta"]
[Result "0-1"]
[WhiteElo "2135"]
[BlackElo "2016"]
[PlyCount "130"]
[EventDate "2009.12.05"]

1. e4 e5 2. Nf3 Nc6 3. Nc3 Nf6 4. a3 a6 5. d4 exd4 6. Nxd4 Bc5 7. Nxc6 bxc6 8.
Bg5 d6 9. Qf3 Bd4 10. Bc4 Qe7 11. O-O Qe5 12. Bf4 Qc5 13. Qd3 Be6 14. Bxe6 fxe6
15. Na4 Qa7 16. c3 Bxf2+ 17. Rxf2 Ng4 18. Qe2 Nxf2 19. Qxf2 Rf8 20. Qxa7 Rxa7
21. Be3 Rb7 22. b4 a5 23. Nb2 c5 24. Nd3 cxb4 25. axb4 axb4 26. Ra8+ Kf7 27.
Rxf8+ Kxf8 28. cxb4 e5 29. Kf2 Ke7 30. Ke2 Rb8 31. Kd2 Ra8 32. Kc2 Ra2+ 33. Nb2
Ke6 34. Kb3 Ra1 35. Nd3 c6 36. h3 Rd1 37. Kc2 Ra1 38. Bc1 Ra8 39. Bb2 Rf8 40.
Bc1 Rf1 41. Kd2 Rg1 42. Ne1 d5 43. exd5+ cxd5 44. Ke2 d4 45. Bd2 e4 46. b5 Kd5
47. Bb4 g5 48. Kf2 Rh1 49. Be7 g4 50. hxg4 Rh6 51. Nc2 Rb6 52. Na3 Rb7 53. Bb4
e3+ 54. Ke2 Ke4 55. Nc4 d3+ 56. Ke1 Kd4 57. Nd6 Rb8 58. b6 Rxb6 59. Nf5+ Ke4
60. Nxe3 Rxb4 61. Nd1 Kf4 62. Kd2 Kxg4 63. Kxd3 Kg3 64. Ne3 h5 65. Nc2 Rb2 0-1

[Event "XXX Memorial Edoardo Crespi A"]
[Site "Milano ITA"]
[Date "2009.12.07"]
[Round "4"]
[White "Borin, Fabio"]
[Black "Ranfagni, Stefano"]
[Result "1-0"]
[WhiteElo "2104"]
[BlackElo "2014"]
[PlyCount "197"]
[EventDate "2009.12.05"]

1. d4 e6 2. e4 d5 3. Nc3 dxe4 4. Nxe4 Nd7 5. Nf3 Ngf6 6. Bg5 Be7 7. Nxf6+ Nxf6
8. Bd3 h6 9. Bxf6 Bxf6 10. Qe2 Bd7 11. Ne5 Bxe5 12. Qxe5 Qg5 13. Qxg5 hxg5 14.
Be4 f5 15. Bxb7 Rb8 16. Ba6 Rxb2 17. Kd2 Kf7 18. Bc4 Rb4 19. Kc3 a5 20. Rae1
Rb6 21. Re5 a4 22. Rxf5+ Kg6 23. Re5 Rh4 24. g3 Rh3 25. Bf1 Rh8 26. Bg2 Rhb8
27. Rc5 Rb2 28. Rxc7 Be8 29. Be4+ Kf6 30. h4 g4 31. f3 gxf3 32. Rf1 Bh5 33.
Bxf3 Bxf3 34. Rxf3+ Kg6 35. a3 Ra2 36. Kd2 Rd8 37. Rc4 e5 38. Rxa4 exd4 39. g4
Rc8 40. Rxd4 Rcxc2+ 41. Ke3 Rxa3+ 42. Kf4 Rxf3+ 43. Kxf3 Rc7 44. Rd6+ Kh7 45.
Ke4 Rc4+ 46. Rd4 Rc7 47. Rd5 Rc4+ 48. Kf5 g6+ 49. Kg5 Rc7 50. Kf6 Rc6+ 51. Ke5
Rc4 52. Rd4 Rc7 53. Kf6 Rc6+ 54. Ke7 Kg7 55. Re4 Rc1 56. g5 Rd1 57. Ke8 Rf1 58.
Kd7 Rd1+ 59. Ke6 Rf1 60. Rc4 Re1+ 61. Kd5 Rd1+ 62. Ke4 Re1+ 63. Kf3 Rf1+ 64.
Kg2 Rf7 65. Kg3 Ra7 66. Kg4 Ra1 67. Rc7+ Kg8 68. Kf4 Ra4+ 69. Ke5 Rxh4 70. Kf6
Ra4 71. Re7 Ra8 72. Re6 Kh7 73. Re7+ Kg8 74. Rg7+ Kh8 75. Rxg6 Rf8+ 76. Ke7 Rf1
77. Rf6 Rg1 78. Kf7 Rh1 79. Kg6 Kg8 80. Ra6 Kf8 81. Ra8+ Ke7 82. Kg7 Ke6 83.
Rf8 Ke7 84. Rf2 Re1 85. Rf4 Re2 86. g6 Re1 87. Rf5 Re2 88. Kh6 Rh2+ 89. Kg7 Re2
90. Kg8 Re1 91. g7 Re2 92. Kh7 Rh2+ 93. Kg8 Re2 94. Rh5 Kf6 95. Rh6+ Kg5 96.
Kh7 Re7 97. Rg6+ Kh5 98. Rg1 Ra7 99. Kh8 1-0

[Event "XXX Memorial Edoardo Crespi A"]
[Site "Milano ITA"]
[Date "2009.12.07"]
[Round "4"]
[White "Bozzali, Ermanno"]
[Black "Barberi, Alessandro"]
[Result "1/2-1/2"]
[WhiteElo "2124"]
[BlackElo "2098"]
[PlyCount "69"]
[EventDate "2009.12.05"]

1. d4 g6 2. e4 Bg7 3. c4 d6 4. Nc3 e5 5. Nf3 Nc6 6. dxe5 Nxe5 7. Nxe5 Bxe5 8.
Bd3 Bg7 9. O-O Ne7 10. Bg5 h6 11. Be3 O-O 12. Qd2 Kh7 13. Rad1 f5 14. f3 fxe4
15. Bxe4 Nf5 16. Qd3 Qe8 17. Bf2 Qf7 18. b3 a6 19. Nd5 Be6 20. Nf4 Bc8 21. c5
Be5 22. Ne2 dxc5 23. Bxc5 Bd6 24. Bxd6 Nxd6 25. Bd5 Bf5 26. Qd4 Qe7 27. Ng3
Rae8 28. Be4 Nxe4 29. Nxe4 Rd8 30. Qc3 c6 31. Rxd8 Qxd8 32. Re1 g5 33. Qe5 Bxe4
34. Qxe4+ Kg7 35. Qe5+ 1/2-1/2

[Event "XXX Memorial Edoardo Crespi A"]
[Site "Milano ITA"]
[Date "2009.12.07"]
[Round "4"]
[White "Burlando, Alessandro"]
[Black "Iudicello, Giovanni"]
[Result "1-0"]
[WhiteElo "2178"]
[BlackElo "2179"]
[PlyCount "99"]
[EventDate "2009.12.05"]

1. d4 Nf6 2. c4 g6 3. Nc3 Bg7 4. e4 d6 5. f3 O-O 6. Be3 e5 7. Nge2 c6 8. d5
cxd5 9. cxd5 a6 10. g4 Nbd7 11. Ng3 h6 12. Qd2 Kh7 13. h4 Ng8 14. h5 g5 15. Be2
b5 16. Kf2 Nb6 17. b3 Bd7 18. Rhc1 Qb8 19. Rc2 Rc8 20. Rac1 Bf6 21. Nd1 Bd8 22.
Nb2 Rxc2 23. Rxc2 Nc8 24. Kf1 f6 25. Nd3 Nge7 26. Nb4 Qb7 27. Qc1 Bb6 28. Nf5
a5 29. Nc6 Bxe3 30. Nxe3 Qb6 31. a4 Bxc6 32. dxc6 bxa4 33. bxa4 Qc7 34. Bb5 Nb6
35. Qd2 Kg7 36. Rc1 Ra7 37. Rd1 Nbc8 38. Qd3 Kf8 39. Nd5 Nxd5 40. exd5 Qh7 41.
Qxh7 Rxh7 42. Bd3 Rc7 43. Rb1 Ke8 44. Rb8 Ke7 45. Bf5 Na7 46. Rh8 Nxc6 47. Rh7+
Kd8 48. dxc6 Rxc6 49. Rxh6 d5 50. Rh8+ 1-0

[Event "XXX Memorial Edoardo Crespi A"]
[Site "Milano ITA"]
[Date "2009.12.07"]
[Round "4"]
[White "Calella, Sergio"]
[Black "Vinzoni, Andrea"]
[Result "0-1"]
[WhiteElo "2080"]
[BlackElo "2082"]
[PlyCount "136"]
[EventDate "2009.12.05"]

1. e4 e6 2. d4 d5 3. Nc3 Nf6 4. Bg5 dxe4 5. Bxf6 gxf6 6. Nxe4 Nd7 7. d5 f5 8.
Qd4 f6 9. dxe6 fxe4 10. exd7+ Qxd7 11. Qxe4+ Qe6 12. Bd3 Bc5 13. Nf3 Bd7 14.
O-O O-O-O 15. Qxe6 Bxe6 16. Rfe1 Bg4 17. Nh4 Bd4 18. h3 Bd7 19. c3 Bc5 20. b4
Bd6 21. Nf3 h6 22. Re2 Rhg8 23. Kf1 Bc6 24. Nh4 Kb8 25. b5 Bd7 26. c4 Bc5 27.
Bf5 Be8 28. Be6 Rg5 29. Nf5 Bg6 30. g4 Bxf5 31. Bxf5 Rgg8 32. Re6 Bb4 33. Rb1
Bc3 34. f4 Rge8 35. Rxe8 Rxe8 36. Rd1 a6 37. a4 axb5 38. axb5 Ka7 39. Rd7 Kb6
40. Rh7 Bd2 41. Rxh6 Bxf4 42. Rxf6+ Bd6 43. Kf2 Kc5 44. Be6 Kd4 45. Bd5 Ra8 46.
g5 Ke5 47. Kf3 Ra1 48. Re6+ Kf5 49. h4 Ra3+ 50. Ke2 Ra2+ 51. Kd3 Ra3+ 52. Kc2
Rg3 53. Rh6 b6 54. Be6+ Ke4 55. Rf6 Rg2+ 56. Kd1 Kd3 57. Rf1 Bg3 58. h5 Bf4 59.
Rf3+ Be3 60. Bf5+ Kd4 61. g6 Rg1+ 62. Kc2 Bh6 63. Be6 Rg2+ 64. Kb3 Bc1 65. c5
bxc5 66. Rh3 c4+ 67. Ka4 Ra2+ 68. Kb4 Bd2+ 0-1

[Event "XXX Memorial Edoardo Crespi A"]
[Site "Milano ITA"]
[Date "2009.12.07"]
[Round "4"]
[White "Damia, Angelo"]
[Black "Codenotti, Marco"]
[Result "1-0"]
[WhiteElo "2338"]
[BlackElo "2118"]
[PlyCount "87"]
[EventDate "2009.12.05"]

1. e4 c5 2. Nf3 d6 3. c3 Nf6 4. d3 g6 5. Be2 Bg7 6. Nbd2 O-O 7. h3 Nc6 8. Qc2
e5 9. Nf1 d5 10. g4 d4 11. Ng3 Be6 12. Ng5 Bd7 13. f4 Qc7 14. f5 dxc3 15. bxc3
c4 16. dxc4 Rfd8 17. Be3 Na5 18. fxg6 fxg6 19. c5 h6 20. Nf3 Nh7 21. O-O Nf8
22. Nh4 Be6 23. Qc1 Qe7 24. Rxf8+ Qxf8 25. Nxg6 Qf6 26. Nf5 Kh7 27. Ngh4 Rg8
28. Qa3 Nc6 29. Rf1 Qd8 30. Qc1 Bf6 31. Rd1 Qc8 32. Bxh6 Ne7 33. Be3 Bxf5 34.
Nxf5 Nxf5 35. exf5 Qxf5 36. Rf1 Qg6 37. Bc4 Rg7 38. Be6 Kh8 39. Bf5 Qe8 40. Be4
Qd8 41. Rf5 Rd7 42. Rh5+ Kg8 43. Qc2 Qe7 44. Bf5 1-0

[Event "XXX Memorial Edoardo Crespi A"]
[Site "Milano ITA"]
[Date "2009.12.07"]
[Round "4"]
[White "David, Alberto"]
[Black "Skembris, Spyridon"]
[Result "1/2-1/2"]
[WhiteElo "2593"]
[BlackElo "2475"]
[PlyCount "87"]
[EventDate "2009.12.05"]

1. d4 Nf6 2. c4 c6 3. Nc3 d5 4. Nf3 g6 5. e3 Bg7 6. Bd3 O-O 7. O-O Nbd7 8. cxd5
Nxd5 9. Nxd5 cxd5 10. Qb3 Nb6 11. Bd2 Bf5 12. Be2 Qd7 13. Rfc1 Rfc8 14. Bb4 Bf6
15. Nd2 Rxc1+ 16. Rxc1 Rc8 17. Rc5 Rxc5 18. Bxc5 Nc8 19. Bf3 b6 20. Ba3 Be6 21.
Nb1 Bf5 22. Nc3 e6 23. g4 Bd3 24. Nxd5 exd5 25. Qxd3 Be7 26. Bxe7 Nxe7 27. Be2
Kg7 28. Qd1 h6 29. Bd3 Ng8 30. h3 Nf6 31. Kg2 Qe6 32. a3 a5 33. Qf3 Qc6 34. Qf4
Qc1 35. Qe5 Qxb2 36. h4 Qd2 37. g5 hxg5 38. hxg5 Qxd3 39. gxf6+ Kh6 40. Qh2+
Kg5 41. Qg3+ Kh5 42. Qf3+ Kg5 43. Qxd5+ Qf5 44. Qxf7 1/2-1/2

[Event "XXX Memorial Edoardo Crespi A"]
[Site "Milano ITA"]
[Date "2009.12.07"]
[Round "4"]
[White "Dvirnyy, Danyyil"]
[Black "Robertsen, Thomas"]
[Result "1-0"]
[WhiteElo "2461"]
[BlackElo "2273"]
[PlyCount "45"]
[EventDate "2009.12.05"]

1. e4 e5 2. Nf3 Nc6 3. Bb5 f5 4. Nc3 fxe4 5. Nxe4 Nf6 6. Qe2 d5 7. Nxf6+ gxf6
8. d4 Bg7 9. dxe5 O-O 10. Bxc6 bxc6 11. e6 Re8 12. O-O Rxe6 13. Qd3 Qd6 14. Be3
c5 15. Qd2 Re4 16. Rfe1 Bb7 17. Bh6 Rg4 18. h3 Bxh6 19. Qxh6 Rg6 20. Qh5 d4 21.
Nh4 Rg5 22. Re8+ Kg7 23. Qxg5+ 1-0

[Event "XXX Memorial Edoardo Crespi A"]
[Site "Milano ITA"]
[Date "2009.12.07"]
[Round "4"]
[White "Feuerstack, Aljoscha"]
[Black "Brunello, Marina"]
[Result "1-0"]
[WhiteElo "2373"]
[BlackElo "2158"]
[PlyCount "57"]
[EventDate "2009.12.05"]

1. e4 e5 2. Bc4 Nc6 3. Nc3 Nf6 4. d3 Na5 5. Qf3 Nxc4 6. dxc4 d6 7. Nge2 Be6 8.
b3 Nd7 9. Qg3 g6 10. f4 exf4 11. Nxf4 Bg7 12. Nxe6 fxe6 13. O-O Be5 14. Qe3 Nf6
15. Qh3 Qe7 16. Bg5 h6 17. Rae1 Rh7 18. Bf4 Bxf4 19. Rxf4 Nd7 20. Nb5 Ne5 21.
Nxc7+ Qxc7 22. Qxe6+ Re7 23. Qg8+ Kd7 24. Qxa8 Qb6+ 25. c5 Qxc5+ 26. Kh1 Qb4
27. c3 Qb6 28. Rf8 Kc6 29. Rd1 1-0

[Event "XXX Memorial Edoardo Crespi A"]
[Site "Milano ITA"]
[Date "2009.12.07"]
[Round "4"]
[White "Foisor, Ovidiu-Doru"]
[Black "Farago, Ivan"]
[Result "1/2-1/2"]
[WhiteElo "2420"]
[BlackElo "2497"]
[PlyCount "29"]
[EventDate "2009.12.05"]

1. d4 e6 2. c4 Nf6 3. Nc3 Bb4 4. Qc2 d5 5. cxd5 exd5 6. Bg5 h6 7. Bxf6 Qxf6 8.
a3 Bxc3+ 9. Qxc3 c6 10. e3 O-O 11. Nf3 Re8 12. Bd3 Bf5 13. O-O Nd7 14. b4 a6
15. a4 1/2-1/2

[Event "XXX Memorial Edoardo Crespi A"]
[Site "Milano ITA"]
[Date "2009.12.07"]
[Round "4"]
[White "Garano, Nicola"]
[Black "Bove, Alessandro"]
[Result "0-1"]
[WhiteElo "2189"]
[BlackElo "2337"]
[PlyCount "41"]
[EventDate "2009.12.05"]

1. e4 c5 2. Nf3 e6 3. d4 cxd4 4. Nxd4 a6 5. Bd3 Nc6 6. Nxc6 dxc6 7. O-O e5 8.
Qh5 Qc7 9. Bg5 h6 10. Bh4 g6 11. Qe2 g5 12. Bg3 Ne7 13. Bc4 Ng6 14. Rd1 Bc5 15.
a4 h5 16. Qf3 Bg4 17. Qf6 Bxd1 18. Bxe5 Qe7 19. Qg7 O-O-O 20. Bf6 Qxe4 21. Bc3
0-1

[Event "XXX Memorial Edoardo Crespi A"]
[Site "Milano ITA"]
[Date "2009.12.07"]
[Round "4"]
[White "Genocchio, Daniele"]
[Black "Drazic, Sinisa"]
[Result "0-1"]
[WhiteElo "2464"]
[BlackElo "2519"]
[PlyCount "70"]
[EventDate "2009.12.05"]

1. e4 c6 2. d4 d5 3. e5 c5 4. dxc5 e6 5. Be3 Nd7 6. Nf3 Bxc5 7. Bxc5 Nxc5 8.
Qd4 Qb6 9. Nc3 Bd7 10. O-O-O Ne7 11. Kb1 O-O 12. Bd3 h6 13. h4 Rfc8 14. g4 Na4
15. Nxa4 Qxd4 16. Nxd4 Bxa4 17. b3 Bd7 18. f4 Nc6 19. Nb5 Rf8 20. g5 Ne7 21.
Nd6 Bc6 22. gxh6 gxh6 23. Rhg1+ Kh8 24. Be2 Nc8 25. Nxc8 Raxc8 26. Bh5 Rc7 27.
f5 exf5 28. Rgf1 Bd7 29. Rxd5 Be6 30. Rd3 Rc5 31. Re3 Rd8 32. c4 Rd4 33. Rh1
Re4 34. Rg3 Rcxe5 35. Kb2 f4 0-1

[Event "XXX Memorial Edoardo Crespi A"]
[Site "Milano ITA"]
[Date "2009.12.07"]
[Round "4"]
[White "Loehnhardt, Benjamin"]
[Black "Bonazzi, Edoardo"]
[Result "0-1"]
[WhiteElo "2076"]
[BlackElo "2193"]
[PlyCount "62"]
[EventDate "2009.12.05"]

1. e4 c6 2. d4 d5 3. Nc3 dxe4 4. Nxe4 Bf5 5. Nc5 b6 6. Nb3 e6 7. g3 Nf6 8. Bg2
a5 9. Bg5 a4 10. Nc1 a3 11. bxa3 Bxa3 12. Nge2 h6 13. Bxf6 Qxf6 14. Rb1 Ra6 15.
Nd3 O-O 16. Ne5 c5 17. Bb7 Ra7 18. Rxb6 Bb4+ 19. c3 Ba5 20. Rb2 Bh3 21. Be4 Rd8
22. Rxb8 Rxb8 23. Nc6 Rb2 24. Qc1 Bxc3+ 25. Qxc3 Raxa2 26. Qxb2 Rxb2 27. Nf4
Bf5 28. Bf3 cxd4 29. O-O Rb1 30. Bd1 Be4 31. Nh5 Qg5 0-1

[Event "XXX Memorial Edoardo Crespi A"]
[Site "Milano ITA"]
[Date "2009.12.07"]
[Round "4"]
[White "Magrini, Fabrizio"]
[Black "Astengo, Corrado"]
[Result "0-1"]
[WhiteElo "2146"]
[BlackElo "2110"]
[PlyCount "64"]
[EventDate "2009.12.05"]

1. e4 e6 2. Nf3 c5 3. d4 cxd4 4. Nxd4 a6 5. g3 Nf6 6. Bg2 Qc7 7. O-O Nc6 8. Nc3
Nxd4 9. Qxd4 Bc5 10. Qd1 O-O 11. Bf4 e5 12. Bg5 Qc6 13. a4 h6 14. Bxf6 Qxf6 15.
Nd5 Qd8 16. b4 Ba7 17. Qd3 d6 18. Rfd1 Be6 19. c3 Rc8 20. Ra3 Qd7 21. Ne3 Rfd8
22. Kh1 a5 23. f4 axb4 24. cxb4 f6 25. a5 Bd4 26. Nd5 Rc6 27. Rb1 Rdc8 28. Ra2
Rc1+ 29. Bf1 f5 30. Nb6 Bxb6 31. Rxc1 Rxc1 32. axb6 Bxa2 0-1

[Event "XXX Memorial Edoardo Crespi A"]
[Site "Milano ITA"]
[Date "2009.12.07"]
[Round "4"]
[White "Malaniuk, Vladimir P."]
[Black "Sumets, Andrey"]
[Result "1/2-1/2"]
[WhiteElo "2573"]
[BlackElo "2621"]
[PlyCount "21"]
[EventDate "2009.12.05"]

1. d4 d5 2. c4 c6 3. Nf3 Nf6 4. Nc3 dxc4 5. a4 e6 6. e3 c5 7. Bxc4 Nc6 8. O-O
cxd4 9. exd4 Be7 10. Bf4 O-O 11. Re1 1/2-1/2

[Event "XXX Memorial Edoardo Crespi A"]
[Site "Milano ITA"]
[Date "2009.12.07"]
[Round "4"]
[White "Melia, Salome"]
[Black "Pace, Pietro Dario"]
[Result "0-1"]
[WhiteElo "2436"]
[BlackElo "2204"]
[PlyCount "90"]
[EventDate "2009.12.05"]

1. e4 e5 2. Nf3 Nc6 3. Bb5 a6 4. Ba4 Nf6 5. d3 b5 6. Bb3 Be7 7. O-O O-O 8. Re1
d6 9. c3 Nb8 10. Nbd2 Nbd7 11. Nf1 h6 12. Ng3 Re8 13. Nf5 Bf8 14. N3h4 Nc5 15.
Bc2 Kh7 16. d4 Ne6 17. d5 Nc5 18. b4 Ncd7 19. a4 g6 20. Ne3 bxa4 21. Nc4 Nb6
22. Na5 Bd7 23. c4 Rc8 24. c5 Bb5 25. cxb6 cxb6 26. Nc6 Bxc6 27. dxc6 b5 28.
Bb1 d5 29. exd5 Bxb4 30. Bd2 Bxd2 31. Qxd2 Nxd5 32. Ba2 Nf4 33. Qxd8 Rexd8 34.
Bxf7 Kg7 35. Ba2 Nd3 36. Red1 Rxc6 37. Nf3 Rcd6 38. Bb1 Nc5 39. Rxd6 Rxd6 40.
Bc2 b4 41. Nxe5 b3 42. Nc4 bxc2 43. Nxd6 Nb3 44. Re1 a3 45. Nc4 a2 0-1

[Event "XXX Memorial Edoardo Crespi A"]
[Site "Milano ITA"]
[Date "2009.12.07"]
[Round "4"]
[White "Naumkin, Igor"]
[Black "Vezzosi, Paolo"]
[Result "1-0"]
[WhiteElo "2463"]
[BlackElo "2363"]
[PlyCount "109"]
[EventDate "2009.12.05"]

1. d4 d6 2. c4 e5 3. Nc3 exd4 4. Qxd4 Nc6 5. Qd2 Nf6 6. b3 Be6 7. e4 a5 8. Nge2
a4 9. Rb1 axb3 10. axb3 g6 11. Nf4 Bg7 12. Be2 O-O 13. O-O Nd7 14. Ncd5 Nce5
15. Qc2 c6 16. Ne3 Bh6 17. Nf5 Bxf4 18. Bxf4 gxf5 19. exf5 Qf6 20. fxe6 Qxf4
21. exd7 Rad8 22. g3 Qf6 23. Rbd1 Nxd7 24. Bd3 h6 25. Qc1 Rfe8 26. Rfe1 Re5 27.
Kg2 Rde8 28. Rxe5 Rxe5 29. Qd2 Nc5 30. Bc2 Re6 31. h3 Qe5 32. b4 Ne4 33. Qe2
Nf6 34. Qf3 d5 35. cxd5 cxd5 36. Bb3 Rd6 37. Rd3 Kg7 38. h4 Ne4 39. Qg4+ Rg6
40. Rxd5 Qxd5 41. Qxg6+ fxg6 42. Bxd5 Nd6 43. f4 b6 44. Kf3 Kf6 45. g4 g5 46.
fxg5+ hxg5 47. h5 Ke5 48. Bg8 Nc8 49. Bc4 Ne7 50. b5 Kd4 51. Bf7 Ke5 52. Ke3
Nc8 53. h6 Kf6 54. h7 Kg7 55. Bg6 1-0

[Event "XXX Memorial Edoardo Crespi A"]
[Site "Milano ITA"]
[Date "2009.12.07"]
[Round "4"]
[White "Piscopo, Pierluigi"]
[Black "Gori, Andrea"]
[Result "1-0"]
[WhiteElo "2429"]
[BlackElo "2182"]
[PlyCount "45"]
[EventDate "2009.12.05"]

1. e4 e5 2. Nf3 Nc6 3. Bc4 Bc5 4. O-O Nf6 5. d4 Bxd4 6. Nxd4 exd4 7. e5 d5 8.
exf6 dxc4 9. fxg7 Rg8 10. Qh5 Qf6 11. Bg5 Qf5 12. Re1+ Be6 13. g4 Qd5 14. Nc3
dxc3 15. Rad1 Qxd1 16. Rxd1 Rxg7 17. h3 cxb2 18. Bf6 Rg8 19. Qxh7 Kf8 20. Qh6+
Ke8 21. Qh7 Kf8 22. Bxb2 Rd8 23. Ba3+ 1-0

[Event "XXX Memorial Edoardo Crespi A"]
[Site "Milano ITA"]
[Date "2009.12.07"]
[Round "4"]
[White "Profumo, Alberto"]
[Black "Quaranta, Cristiano"]
[Result "1/2-1/2"]
[WhiteElo "2223"]
[BlackElo "2134"]
[PlyCount "32"]
[EventDate "2009.12.05"]

1. Nf3 d6 2. d4 g6 3. c4 Bg7 4. Nc3 Bg4 5. e3 c5 6. Be2 cxd4 7. exd4 Nc6 8. Be3
Nh6 9. Nd2 Bxe2 10. Nxe2 Nf5 11. Nb3 Nxe3 12. fxe3 O-O 13. O-O Rc8 14. Rc1 e5
15. Nc3 Qh4 16. Nd5 Ne7 1/2-1/2